Les meilleurs pratiques internationales du tourisme fluvial fordítása és elemzése, valamint a Nemzeti szuverenitás és regionális gazdasági integráció a 21. században fordítása és elemzése

Bibliographic Details
Main Author: Cseh Dóra
Other Authors: Szigetváry Dr. Nóra
Format: Thesis
Kulcsszavak:Szakfordítás
Fordítás
Francia nyelv
Online Access:http://dolgozattar.uni-bge.hu/15508

MARC

LEADER 00000nta a2200000 i 4500
001 dolg15508
005 20190227091041.0
008 180504suuuu hu om 000 fre d
040 |a BGE Dolgozattár Repozitórium  |b hun 
041 |a fr 
100 1 |a Cseh Dóra 
245 1 4 |a Les meilleurs pratiques internationales du tourisme fluvial fordítása és elemzése, valamint a Nemzeti szuverenitás és regionális gazdasági integráció a 21. században fordítása és elemzése  |c Cseh Dóra  |h [elektronikus dokumentum] 
246 1 1 |a Nemzeti szuverenitás és regionális gazdasági integráció a 21. században 
246 1 1 |a francia cím: Les meilleurs pratiques internationales du tourisme fluvial  
695 |a Szakfordítás 
695 |a Fordítás 
695 |a Francia nyelv 
700 1 |a Szigetváry Dr. Nóra  |e ths 
856 4 0 |u http://dolgozattar.uni-bge.hu/15508/1/szakdolgozat_Cseh_Dora_.pdf  |z Dokumentum-elérés